| 000 | 00584cam a2200193 4500 | ||
|---|---|---|---|
| 001 | D6491 | ||
| 008 | 090401t1983 xxu||||| |||| 00| 0 eng d | ||
| 035 | _a(Sirsi) u1139 | ||
| 041 | _aeng | ||
| 050 | _a511.4 | ||
| 100 | _aLauf, G.B. | ||
| 245 | 4 | _aThe method of least squares with applications in surveying | |
| 260 |
_aCollingwood, Victoria _bTAFE Publications Unit _c1983 |
||
| 300 | _a168p. 30cm | ||
| 350 | _a23.25 | ||
| 520 | _aBased on notes for students in the Department of Surveying at the Royal Melbourne Institute of Technology | ||
| 942 | _n0 | ||
| 948 | _c04/03/1997 | ||
| 999 |
_c85633 _d85633 |
||